000 00430nam a2200181Ia 4500
008 151018s9999 xx 000 0 und d
082 _bRBASDV2085
_a823
100 _aparsons Anthony
245 _aLiving In fear
250 _b1
260 _bThe amalgated Press
300 _a64
600 _aparsons Anthony
630 _aLiving In fear
700 _aparsons Anthony
730 _aLiving In fear
942 _cBOOK
999 _c1004510
_d1004507